|
|
|
|
| LEADER |
00000nab a2200000 a 4500 |
| 001 |
vtls000688935 |
| 003 |
SK-MaSNL |
| 005 |
20260318122045.0 |
| 008 |
160405c1999 xo 0 hun |
| 015 |
|
|
|a SNBRB1999/03-05474
|
| 035 |
|
|
|a CLN000041102
|
| 040 |
|
|
|a SNKBUCL
|b slo
|c SNKBUCL
|e AACR2
|
| 041 |
0 |
|
|a hun
|
| 044 |
|
|
|a xo
|c SK
|
| 080 |
|
|
|a 791.43.05(439)
|2 1997
|
| 100 |
1 |
|
|a Popély, Gyula,
|d 1945-
|4 aut
|9 85478
|
| 245 |
1 |
0 |
|a Iskola a világban
|c Popély Gyula
|
| 630 |
0 |
7 |
|a Iskola a világban. Magyar gimnázium - Kastl (film)
|x recenzie
|2 snkbucl
|9 1500782
|
| 655 |
|
7 |
|a články z novín a časopisov
|2 snkbucl
|9 267496
|
| 773 |
0 |
|
|t Szabad újság
|g Roč. 7, č. 12 (1999), s. 8
|
| 850 |
|
|
|a Slovenská národná knižnica v Martine
|
| 852 |
|
|
|a SNK
|b KIS3GCP
|
| 958 |
|
|
|a HU
|
| 958 |
|
|
|a DE
|
| 958 |
|
|
|a RBX
|
| 999 |
|
|
|c 2995308
|d 2997238
|